000 00397nam a2200169Ia 4500
001 13486
008 140402s9999 xx 000 0 und d
020 _a0-931961-56-4
040 _cPK-LaUMT
082 _a 658.409
_bBUR-M
100 _aBurley-Allen, Madelyn
245 _aMemory skills in business
_cBurley-Allen, Madelyn
260 _c1988
300 _a64 p.
546 _aEN
942 _cBK
999 _c14155
_d14155